| 000 | 00931pam a2200193 a 4500 | ||
|---|---|---|---|
| 020 | _a0070267251 | ||
| 082 | 0 | 0 |
_a712/.0218 _bTIM _cL-39, P-182 |
| 245 | 0 | 0 |
_aTime-saver standards for landscape architecture : _bdesign and construction data / _ccoeditors, Charles W. Harris, Nicholas T. Dines ; assistant editor, Gary M. Fishbeck ; consulting editor, Albert Fein ; with a foreword by Hideo Sasaki. |
| 260 |
_aNew York : _bMcGraw-Hill, _cc1988. |
||
| 300 |
_a1 v. (various pagings) : _bill. ; _c29 cm. |
||
| 526 |
_a0 _b0 _c0 _d712_021800000000000_TIM |
||
| 650 | 0 |
_aBuilding _xHandbooks, manuals, etc. |
|
| 650 | 0 |
_aConstruction industry _xStandards _xHandbooks, manuals, etc. _931729 |
|
| 650 | 0 |
_aLandscape architecture _xHandbooks, manuals, etc. _931730 |
|
| 650 | 0 |
_aLandscape architecture _xStandards _xHandbooks, manuals, etc. _931728 |
|
| 700 | 1 |
_aDines, Nicholas T. _931733 |
|
| 700 | 1 |
_aHarris, Charles W. _931732 |
|
| 942 |
_2ddc _cBK |
||
| 999 |
_c550701 _d550701 |
||